000 01522cam a22004574i 4500
003 PE-LiUPU
005 20250731173439.0
008 150616s1966 sp a r 000 0 spa d
035 _a(Sirsi) a5644
040 _aPE-LiUPU
_bspa
_cPE-LiUPU
_erda
049 _aPRUA
082 0 4 _a262.52
_bP45
_221
100 1 _aPérez, Teofilo,
_eautor.
245 1 0 _a18 Propulsores del Concilio /
_cTeofilo Pérez.
246 3 _aDiesiocho Propulsores del Concilio
264 1 _aBilbao :
_bPaulinas,
_c1966.
300 _a320 páginas :
_bilustraciones ;
_c17 centímetros
336 _atext
_2rdacontent
337 _aunmediated
_2rdamedia
338 _avolume
_2rdacarrier
505 0 _aVida, hechos y palabras de los 18 propulsores del concilio II.
526 _aSEG42
526 _aSEG41
526 _aSEG40
526 _aSEG39
526 _aP94
526 _aP87
526 _aP86
526 _aP85
526 _aP77
526 _aP76
526 _aP35
650 0 4 _aConcilio vaticano II, 1962-1965 - Propulsores
910 _ajck
_bjvq
_cjck
942 _2ddc
_cBOOK
949 _a262.52 P45
_wDEWEY
_c1
_i39412
_lCCODEBUL1
_mBUL
_p00.00
_r0
_sY
_tBOOK
_u19950928
_xTEOLOGIA
_zUNKNOWN
_0COMPRA
_o.STAFF. Colección General
994 _aC0
_bPEPRU
596 _a1
999 _a262.52 P45
_wDEWEY
_c56695
_i39412
_f2021-11-10
_g5
_lCCODEBUL1
_mBUL
_p20.65
_r0
_sY
_tBOOK
_u2015-6-16
_xTEOLOGIA
_PP35
_0COMPRA
_o.STAFF. Colección Teología
_d56695
980 _81
_gALBERTO SANCHEZ Responsable de Automatización